Statistiques concernant Le sport en H

Cliquez ici pour prendre le quiz!

Statistiques générales

  • Ce quiz a été pris 321 fois
  • Le résultat moyen est 7 sur 15

Statistiques - réponses

IndiceRéponse% Correct
Sport olympique consistant à soulever des poidsHaltérophilie
96%
Sport olympique présent autant en été qu'en hiver, changeant simplement de surfaceHockey
94%
Texans, Astros, RocketsHouston
77%
Cycliste français ayant remporté cinq Tour de France entre 1978 et 1985Bernard Hinault
75%
Règle connue dans le sport, présente entre autres au soccer et au football américainHors-jeu
74%
Nom de l'équipe de la NBA représentant la ville de CharlotteHornets
68%
Épreuve olympique féminine récompensant l'athlète la plus polyvalenteHeptathlon
67%
Tennisman français, il a remporté les quatre tournois du Grand Chelem en double avec Nicolas MahutPierre-Hugues Herbert
59%
Écurie de Formule 1 actuelle d'orgine américaineHaas
51%
Ville qui aurait dû avoir les Jeux Olympiques de 1940, elle accueillit l'événement en 1952Helsinki
41%
Circuit de Formule 1 de Francfort qui accueille le Grand Prix d'AllemagneHockenheim
21%
Américaine, détentrice du record du monde au 100m Haies chez les femmesKendra Harrison
3%
Joueur de baseball, jouant actuellement à Philadelphie, il fut le tout premier choix du repêchage de 2010 par les Nationals de WashingtonBryce Harper
2%
Seul athlète à avoir remporté cinq médailles d'or lors d'une seule édition des JO d'hiver en 1980Eric Heiden
1%
Joueur de golf américain des années 20, il est un des deux seuls joueurs à avoir remporté à cinq reprises le Championnat de la PGAWalter Hagen
0%

Distribution des résultats

Percentile par nombre de réponses

% des personnes avec chaque résultat

Votre développement - résultats

Vous n’avez pas pris ce quiz